| 000 | 01026cam a22002651 4500 | ||
|---|---|---|---|
| 001 | gs 26000267 | ||
| 003 | DLC | ||
| 005 | 20260227111330.0 | ||
| 008 | 851119s1925 ii abf f000 0 eng c | ||
| 010 | _ags 26000267 | ||
| 035 | _a(OCoLC)12820777 | ||
| 040 |
_aU. S. Geol. Survey. Library _cTxHR _dDLC |
||
| 042 | _apremarc | ||
| 050 | 0 | 0 |
_aQE295 _b.A4 vol. 52, pt. 1 |
| 051 |
_aQE295 _b.J6 |
||
| 100 | 1 | _aJowett, Albert. | |
| 245 | 1 | 0 |
_aOn the geological structure of the Karanpura coalfields, Bihar and Orissa, _cby Albert Jowett. |
| 260 |
_aCalcutta, _bGovernment of India Central Publication Branch, _c1925. |
||
| 300 |
_aiv, 144 p. incl. illus., tables, diagrs. _b14 pl. (part fold., incl. maps, diagrs.) _c27 cm. |
||
| 440 | 0 |
_aMemoirs of the Geological Survey of India, _vvol. LII, pt. 1 |
|
| 500 | _aThree colored folded maps and seven folded diagrams in pocket. | ||
| 650 | 0 |
_aCoal _zIndia _zBihar and Orissa. |
|
| 650 | 0 |
_aGeology _zIndia _zBihar and Orissa. |
|
| 740 | 0 | _aKaranpura coalfields, Bihar and Orissa. | |
| 999 |
_c26476 _d26476 |
||